Norges statsministre siden 1945 (Bilder) - Statistics

General Stats
  • This quiz has been taken 128 times
    87 since last reset
  • The average score is 8 of 12
Answer Stats
Picture Hint Answer % Correct
2013-21, fra Høyre Erna Solberg
98%
2000-01, 05-13, fra Ap Jens Stoltenberg
96%
2021-, fra Ap Jonas Gahr Støre
94%
1981, 86-96 (minus et år), fra Ap Gro Harlem Brundtland
81%
1945-65 (minus tre år), fra Ap Einar Gerhardsen
75%
1981-86, fra Høyre Kåre Willoch
71%
1997-2000, 2001-05, fra KrF Kjell Magne Bondevik
65%
1996-97, fra Ap Thorbjørn Jagland
58%
1963, fra Høyre John Lyng
46%
1965-71, fra Sp Per Borten
46%
1976-81, fra Ap Odvar Nordli
44%
1971-72, 73-76, fra Ap Trygve Bratteli
44%
No matching quizzes found
Score Distribution
Percent of People with Each Score
Percentile by Number Answered
Your Score History
You have not taken this quiz since the last reset